000 01086cad a22002175a 4500
001 L151785
008 101210s2010 xxk f 000 0 eng d
020 _a9781845327903
035 _a(Sirsi) u151785
041 0 _aeng
110 2 _aUnited Kingdom
_bHM Treasury
245 0 4 _aThe path to strong, sustainable and balanced growth
_h[electronic resource]
260 _aLondon
_bBIS
_c2010
520 _aCreating the right framework for growth and the growth review; global comparisons for output generally; improved performance by the construction sector and by the Government as a customer will make a vital contribution to the low carbon agenda, to infrastructure and to the UK's prospects for growth.
590 _aKA NTK
651 4 _aUnited Kingdom
_y
690 _aBUILT ENVIRONMENT-CONSTRUCTION MARKET
710 1 _aUnited Kingdom
_bDepartment for Business, Innovation and Skills
_95760
856 4 0 _uhttps://www.bis.gov.uk/assets/biscore/corporate/docs/p/10-1296-path-to-strong-sustainable-and-balanced-growth
_zView the item free of charge at www.bis.gov.uk
942 _n0
999 _c111619
_d111619